| 000 | 02972nam2a2200301 4500 | ||
|---|---|---|---|
| 001 | RU\NLR\BIBL_A\022679803 | ||
| 005 | 20251228050834.0 | ||
| 010 |
_a978-5-907993-51-8 _950 |
||
| 035 | _a(NLR Aleph) 022679803 | ||
| 090 |
_a13500360 _c13500360 |
||
| 100 | _a20251204d2025 u y0rusy50 ca | ||
| 101 | 0 | _arus | |
| 102 | _aRU | ||
| 105 | _aa j 000yy | ||
| 200 | 1 |
_aСемиотика нарушений ритма сердца и проводимости _fпрофессора, д. м. н. Тимофеев Е. В. и Малев Э. Г., доцент к. м. н. Реева С. В. [и др.] |
|
| 210 | _d2025 | ||
| 215 |
_a26 с. _cил., цв. ил. |
||
| 320 | _aБиблиогр.: с. 25 (5 назв.) | ||
| 461 | 0 |
_1001RU\NLR\BIBL_A\022351450 _12001#$aЭлектрокардиографические синдромы в клинике внутренних болезней$eучебно-методическое пособие$eдля студентов педиатрического, лечебного и медико-профилактического факультетов$fпрофессор, д. м. н. Тимофеев Евгений Владимирович, Булавко Яна Александровна, доцент, к. м. н. Реева Светлана Вениаминовна [и др.]$gМинистерство здравоохранения Российской Федерации, Санкт-Петербургский государственный педиатрический медицинский университет$vЧ. 2 _913259845 _cCанкт-Петербург _d2024- _fпрофессор, д. м. н. Тимофеев Евгений Владимирович, Булавко Яна Александровна, доцент, к. м. н. Реева Светлана Вениаминовна [и др.] _nСПбГПМУ _oучебно-методическое пособие : для студентов педиатрического, лечебного и медико-профилактического факультетов _tЭлектрокардиографические синдромы в клинике внутренних болезней _vЧ. 2 |
|
| 606 | 1 |
_aСердце _jУчебно-методические пособия для высших учебных заведений _xАритмии _xЭлектрокардиография _91641390 _3RU\NLR\AUTH\661024113 |
|
| 606 | 1 |
_aСердце _jУчебно-методические пособия для высших учебных заведений _xПроводящая система _xПатология _xЭлектрокардиография _92233199 _3RU\NLR\AUTH\6601572535 |
|
| 686 | 1 | _aР410.109-433.71я73 | |
| 701 | 1 |
_aМалев _bЭ. Г. _gЭдуард Геннадиевич |
|
| 701 | 1 |
_aРеева _bС. В. _gСветлана Вениаминовна |
|
| 942 | _cBOOK | ||
| 980 | _aNB | ||